Koniec globalizácie?

Bibliographic Details
Main Author: Geist, Radovan, 1979- (Author)
Format: Article
Language:Slovak
PhysicalDescription:Fotogr.
ISSN:1335-468X
Subjects:

MARC

LEADER 00000nab a2200000 ar4500
001 vtls008408448
003 SK-MaSNL
005 20260303070104.0
008 051108c2005 xo wr|p|||||||000 b|slo
015 |a SNBRB2005/11  |2 snkbucl 
040 |a SNKBUCL  |b slo  |c SNKBUCL  |e AACR2 
041 0 |a slo 
044 |a xo  |c SK 
080 |a 327  |x (100)  |2 UDC-MRF-SK2 
080 |a 339.9  |x (100)  |2 UDC-MRF-SK2 
100 1 |a Geist, Radovan,  |d 1979-  |4 aut  |9 102773 
245 1 0 |a Koniec globalizácie?  |c Radovan Geist 
300 |b Fotogr. 
650 0 7 |a globalizácia  |2 snkbucl  |9 3615 
650 0 7 |a formy  |2 snkbucl  |9 406167 
773 0 |t Slovo. Spoločensko-politický týždenník  |g Roč. VII, č. 43 (2005), s. 9  |x 1335-468X 
852 |a SNK  |b KIS3GCP 
999 |c 1753905  |d 1755835